| 000 | 00991nas a2200325 4500 | ||
|---|---|---|---|
| 001 | BR2016000401 | ||
| 003 | BR-BrBNA | ||
| 005 | 20231205130046.0 | ||
| 007 | ta | ||
| 008 | 230509b bl.|||p| |||| 00| 00por d | ||
| 040 |
_aBR-BrBNA _bpor _cBiblioteca Nacional de Agricultura |
||
| 041 | _a(Pt) | ||
| 072 | _aQ04 | ||
| 100 | 1 | _aBianchini, F.G. | |
| 100 | 1 | _aBalbi, R.V. | |
| 100 | 1 | _aPio, R. | |
| 100 | 1 | _aSilva, D.F. da | |
| 100 | 1 | _aPasqual, M. | |
| 100 | 1 | _aVilas Boas, E.V. de B. | |
| 245 | 1 | _aCaracterização morfológica e química de frutos de cambucizeiro | |
| 650 | _aCAMBUCI | ||
| 650 | _aFRUTA TROPICAL | ||
| 650 | _aCOMPOSIÇÃO QUÍMICA | ||
| 650 | _aANÁLISE ORGANOLÉPTICA | ||
| 650 | _aVITAMINA C | ||
| 773 | 0 |
_tBragantia (Brazil) _xISSN 1678-4499 _g(Jan-Mar 2016), v. 75(1) p. 10-18 _wBR2016000401 |
|
| 856 | 4 | 0 | _uhttp://www.scielo.br/pdf/brag/v75n1/0006-8705-brag-1678-4499096.pdf |
| 909 |
_a202311 _bLúcia _c55 _dLúcia Elande |
||
| 942 |
_2AGRIS _n0 _cANA |
||
| 999 |
_c247687 _d247687 |
||